Trois noms pour un prénom... Femmes - Statistiques

Statistiques générales
  • Ce quiz a été pris 848 fois
  • Le résultat moyen est 33 sur 50
Statistiques - réponses
Noms Prénoms % Correct
Bardot - Macron - Nielsen Brigitte
95%
Allégret - Lara - Deneuve Catherine
93%
Baxter - Brochet - Hidalgo Anne
92%
Aniston - Lopez - Lauret Jennifer
92%
De Caunes - Thompson - Watson Emma
87%
Foresti - Aubenas - Pernel Florence
86%
Bretécher - Chazal - Keim Claire
85%
Duez - Favier - Marceau Sophie
84%
Benneton - Mairesse - Lemercier Valérie
84%
Paradis - Demouy - Redgrave Vanessa
83%
Autissier - Adjani - Aubret Isabelle
82%
Claudel - Cerf - Muffat Camille
81%
Gainsbourg - Brontë - de Turckheim Charlotte
80%
Badinter - Borne - Guigou Elisabeth
80%
Zenatti - Depardieu - Gayet Julie
80%
Boccolini - Parisot - Ferrari Laurence
79%
Lamy - Rosenfeld - David-Néel Alexandra
78%
Sagan - Dolto - Laborde Françoise
78%
Arron - Bravo - Lagarde Christine
77%
Efira - Hocq - Ledoyen Virginie
77%
Joly - Tellier - Vartan Sylvie
76%
Flessel - Tanguy - Smet Laura
75%
Bouchez - Frégé - Gossuin Elodie
74%
Campion - Birkin - Fonda Jane
73%
Cordy - Fratellini - Girardot Annie
72%
Calment - Lanvin - Mas Jeanne
72%
Lima - Ugarte - Karembeu Adriana
71%
myriam - Gillain - Trintignant Marie
71%
Baye - Simon - Marquay Nathalie
68%
Green - Joly - Braun Eva
67%
Béart - Laborit - Seigner Emmanuelle
65%
De Havilland - Newton-John - Rodrigo Olivia
62%
Seigner - Panot - Lebrequier Mathilde
61%
Darroze - Duc - Rollès Hélène
57%
Cartland - Hendricks - Pravi Barbara
55%
Lunghini - Triolet - Esnoult Elsa
54%
Montessori - Callas - Casarès Maria
53%
Doillon - Jean - Bohringer Lou
50%
Bernhardt - Vaughan - Ferguson Sarah
50%
Bernier - Cotta - Mercier Michèle
47%
Pavlova - Magnani - Karina Anna
46%
Dona - Sapritch - Taglioni Alice
45%
Touzet - Le Poulain - Masiero Corinne
43%
Evangelista - de Suza - Hardy Linda
42%
Garcia - Loeb - Tresca Caroline
40%
Frot - Voynet - Lavanant Dominique
40%
Darrieux - Mitterrand - Gilbert Danielle
39%
Bisset - Caurat - Maillan Jacqueline
32%
Legrain-Trapard - Griffiths - Bilson Rachel
31%
Calfan - Courcel - Notat Nicole
29%
Aucun quiz correspondant
Distribution des résultats
% des personnes avec chaque résultat
Percentile par nombre de réponses
Votre historique - résultats
Vous n’avez pas pris ce quiz